[Event "SRI-ch U14 Girls"]
[Site "Maharaga"]
[Date "2020.08.30"]
[Round "2"]
[White "Fernando, T Suheli Hasandie"]
[Black "Wilvalaarachchi, Oneli Omaya"]
[Result "0-1"]
[WhiteElo "1133"]
[BlackElo "1378"]
[PlyCount "102"]
[EventDate "2020.08.29"]
[EventType "tourn"]
[EventRounds "11"]
[EventCountry "SRI"]
[SourceTitle "EXT 2022"]
[Source "ChessBase"]
[SourceDate "2021.10.06"]
[SourceVersion "1"]
[SourceVersionDate "2021.10.06"]
[SourceQuality "1"]

1. e4 c5 2. c3 d5 3. exd5 Qxd5 4. d4 Nf6 5. Nf3 e6 6. Be2 Be7 7. 0-0 0-0 8. Be3 cxd4 9. cxd4 Nc6 10. Nc3 Qd8 11. Rc1 Nb4 12. a3 Nbd5 13. Bg5 Nxc3 14. bxc3 Bxa3 15. Rb1 Be7 16. Qb3 b6 17. Ne5 Bb7 18. Rfd1 Nd7 19. Bxe7 Qxe7 20. Nxd7 Qxd7 21. Rb2 Qd5 22. Qxd5 exd5 23. Bf3 Rac8 24. Rc1 Rfe8 25. Rbb1 Bc6 26. h3 b5 27. Ra1 Ra8 28. Ra6 Bb7 29. Ra5 a6 30. Bg4 g6 31. Kf1 f5 32. Bf3 Rac8 33. g4 Re7 34. gxf5 gxf5 35. Ra2 Rec7 36. Rac2 b4 37. c4 dxc4 38. Bxb7 Rxb7 39. Rxc4 Rxc4 40. Rxc4 b3 41. Rc1 b2 42. Rb1 a5 43. Ke2 a4 44. Kd2 a3 45. Kc2 a2 46. Rxb2 Rc7+ 47. Kd3 a1Q 48. Rb8+ Kg7 49. h4 Qd1+ 50. Ke3 Re7+ 51. Kf4 Qg4# 0-1